<?xml version="1.0" encoding="UTF-8"?><?xml-stylesheet type="text/xsl" href="static/style.xsl"?><OAI-PMH xmlns="http://www.openarchives.org/OAI/2.0/" xmlns:xsi="http://www.w3.org/2001/XMLSchema-instance" xsi:schemaLocation="http://www.openarchives.org/OAI/2.0/ http://www.openarchives.org/OAI/2.0/OAI-PMH.xsd"><responseDate>2026-04-17T02:01:19Z</responseDate><request verb="GetRecord" identifier="oai:www.recercat.cat:2072/449501" metadataPrefix="marc">https://recercat.cat/oai/request</request><GetRecord><record><header><identifier>oai:recercat.cat:2072/449501</identifier><datestamp>2024-10-29T16:08:37Z</datestamp><setSpec>com_2072_98</setSpec><setSpec>col_2072_378194</setSpec></header><metadata><record xmlns="http://www.loc.gov/MARC21/slim" xmlns:dcterms="http://purl.org/dc/terms/" xmlns:xsi="http://www.w3.org/2001/XMLSchema-instance" xmlns:doc="http://www.lyncode.com/xoai" xsi:schemaLocation="http://www.loc.gov/MARC21/slim http://www.loc.gov/standards/marcxml/schema/MARC21slim.xsd">
   <leader>00925njm 22002777a 4500</leader>
   <datafield ind2=" " ind1=" " tag="042">
      <subfield code="a">dc</subfield>
   </datafield>
   <datafield ind2=" " ind1=" " tag="720">
      <subfield code="a">Gutiérrez García, José Manuel</subfield>
      <subfield code="e">author</subfield>
   </datafield>
   <datafield ind2=" " ind1=" " tag="260">
      <subfield code="c">2005</subfield>
   </datafield>
   <datafield ind2=" " ind1=" " tag="520">
      <subfield code="a">La tubercolosi era un'infezione comune a tutti gli animali domestici, ma inizialmente fu scoperto che non tutti gli animali erano infettati allo stesso grado o frequenza. I bovini, benché non fossero i soli animali infettati, erano, senza dubbio, i più colpiti et i più devastati dalla malattia. Oggi, le rassegne storiche che hanno studiato l'origine animale dell'infezione tubercolare nell'uomo si sono focalizzate quasi esclusivamente sui bovini. In passato, tuttavia, il ruolo di altre specie nella transmissione zoonosica fu oggetto di interesse e discussione. Questo e l'aspetto che serà sviluppato con questo lavoro: studiare l'importanza storica attibuita alle altre specie come fonte di infezione tubercolare nell'uomo e valutarne le conseguenze.</subfield>
   </datafield>
   <datafield tag="653" ind2=" " ind1=" ">
      <subfield code="a">Tuberculosi bovina</subfield>
   </datafield>
   <datafield tag="653" ind2=" " ind1=" ">
      <subfield code="a">Espanya</subfield>
   </datafield>
   <datafield ind2="0" ind1="0" tag="245">
      <subfield code="a">Bovine tuberculosis in other domestic species : repercussions on human health in Spain seen from a historical perspective</subfield>
   </datafield>
</record></metadata></record></GetRecord></OAI-PMH>